000 00297 a2200121 4500
020 _a8176492728
090 _c4641
_d4641
100 _aV K Sharma
245 _aHUMAN RESOURCE MANAGEMENT
_bEvolution na dthe Challenges Ahead
260 _aNew Delhi
300 _a142
942 _aNBS
_cBK
_k658.3 SHA
999 _c347078
_d347078